书目信息 |
| 题名: |
房地产市场调整与金融风险研究
|
|
| 作者: | 赵林海, 著 | |
| 分册: | ||
| 出版信息: | 北京 清华大学出版社 2020.05 |
|
| 页数: | XIII, 176页 | |
| 开本: | 21cm | |
| 丛书名: | ||
| 单 册: | ||
| 中图分类: | F299.233.5 , F832.45 | |
| 科图分类: | ||
| 主题词: | 房地产市场--fang di chan shi chang--市场管理--研究--中国 , 房地产金融--fang di chan jin rong--金融风险防范--研究--中国 | |
| 电子资源: | ||
| ISBN: | 978-7-302-54174-5 | |
| 000 | 01659nam0 2200313 450 | |
| 001 | 202021194490 | |
| 005 | 20211025120147.0 | |
| 010 | @a978-7-302-54174-5@b精装@dCNY69.00 | |
| 100 | @a20211005d2020 em y0chiy50 ea | |
| 101 | 0 | @achi |
| 102 | @aCN@b110000 | |
| 105 | @aa a 000yy | |
| 106 | @ar | |
| 200 | 1 | @a房地产市场调整与金融风险研究@Afang di chan shi chang tiao zheng yu jin rong feng xian yan jiu@f赵林海著 |
| 210 | @a北京@c清华大学出版社@d2020.05 | |
| 215 | @aXIII, 176页@c图@d21cm | |
| 300 | @a国家社会科学基金特别委托项目“促进房地产市场健康发展研究”子项目“我国房地产市场调整可能带来的金融风险和化解风险的政策研究”研究成果 | |
| 312 | @a英文题名取自封面 | |
| 314 | @a赵林海, 1976年生, 男, 黑龙江哈尔滨人, 天津大学管理学院管理科学与工程专业管理学博士。 | |
| 320 | @a有书目 (第166-173页) | |
| 330 | @a本书从中国房地产融资模式带来的金融风险分析、房地产市场调整给开发商带来的金融风险分析、房地产市场调整给相关产业带来的金融风险分析、房地产市场调整带来的金融风险形成机制分析、我国房地产行业调整带来的金融风险测算、化解我国房地产金融风险的对策与调控政策等方面入手, 通过对我国房地产市场融资模式的分析和与代表性国家或地区房地产市场融资模式的比较研究, 深入探究我国房地产市场调整可能带来的宏观金融风险, 并提出防范、化解和控制金融风险的政策措施。 | |
| 510 | 1 | @aHousing market correction and financial risks@zeng |
| 606 | 0 | @a房地产市场@Afang di chan shi chang@x市场管理@x研究@y中国 |
| 606 | 0 | @a房地产金融@Afang di chan jin rong@x金融风险防范@x研究@y中国 |
| 690 | @aF299.233.5@v5 | |
| 690 | @aF832.45@v5 | |
| 701 | 0 | @a赵林海,@Azhao lin hai@f1976-@4著 |
| 801 | 0 | @aCN@c20210909 |
| 905 | @a河南城建学院图书馆@dF299.233.5@eZ312 | |
| 房地产市场调整与金融风险研究/赵林海著.-北京:清华大学出版社,2020.05 |
| XIII, 176页:图;21cm |
| 国家社会科学基金特别委托项目“促进房地产市场健康发展研究”子项目“我国房地产市场调整可能带来的金融风险和化解风险的政策研究”研究成果 |
| ISBN 978-7-302-54174-5(精装):CNY69.00 |
| 本书从中国房地产融资模式带来的金融风险分析、房地产市场调整给开发商带来的金融风险分析、房地产市场调整给相关产业带来的金融风险分析、房地产市场调整带来的金融风险形成机制分析、我国房地产行业调整带来的金融风险测算、化解我国房地产金融风险的对策与调控政策等方面入手, 通过对我国房地产市场融资模式的分析和与代表性国家或地区房地产市场融资模式的比较研究, 深入探究我国房地产市场调整可能带来的宏观金融风险, 并提出防范、化解和控制金融风险的政策措施。 |
| ● |
| 相关链接 |
|
|
|
正题名:房地产市场调整与金融风险研究
索取号:F299.233.5/Z312
 
预约/预借
| 序号 | 登录号 | 条形码 | 馆藏地/架位号 | 状态 | 备注 |
| 1 | 1543637 | 215436375 | 社科库409/409社科库 31排4列5层/ [索取号:F299.233.5/Z312] | 在馆 | |
| 2 | 1543638 | 215436384 | 社科库409/409社科库 31排4列5层/ [索取号:F299.233.5/Z312] | 在馆 |